(Ne)kvalita aneb pravdivý příběh kvality /

Saved in:
Bibliographic Details
Main Authors: Filip, Ludvík (Author), Šebestík, Jiří (Author)
Format: Book
Language:Czech
Published: TZ-one 2017
Tags: Add Tag
No Tags, Be the first to tag this record!

MARC

LEADER 00000nam a22000003a 4500
001 0077100
003 SK-STU
005 20191031091652.0
007 ta
008 191031s ----xo-----e------000-0-----d
040 |a STU  |b slo 
041 0 |a cze 
044 |a xr 
100 1 |a Filip, Ludvík  |4 aut 
245 1 0 |a (Ne)kvalita aneb pravdivý příběh kvality /  |c aut. Ludvík Filip, Jiří Šebestík 
260 |b TZ-one  |c 2017 
300 |a 254 s. 
700 1 |a Šebestík, Jiří  |4 aut 
996 |b MDigP 384  |c M* DigP-384  |l MMKN  |s A  |a 24  |w 0077100_0001